000 00560nam a2200169 i 4500
001 80271
003 ES-MaACL
005 20230906174158.0
007 t|
008 041027s1961 sp ||||1| spa d
100 1 _aHidalgo Bragado, Moises.
_963581
245 1 0 _aBajo el signo de la desintegración
_b: (un análisis psicológico de las constantes culturales de nuestro tiempo) /
_cMoises Hidalgo Bragado.
260 _aAlcoy :
_b[s.n.,
_c1961]
300 _a77 p. ;
_c25 cm.
852 _aES-MaACL
_jC-20663
_bR.49118
852 _aES-MaACL
_jC-21930
_bR.48734
999 _c80271
_d80271